000
00324nam a2200145Ia 4500
008
230718s9999 xx 000 0 und d
041
_a
Eng.
082
_a
500
_b
4.M-H
100
_a
4.M. Dei tel
245
0
_a
How To Process
260
_a
Pakistan
_b
oxford an pross
_c
2001
300
_a
1398
650
_a
Law
999
_c
26111
_d
26111